Statistics for All Teams To Ever Reach The Top 4 At FIFA Women's World Cup

Click here to take the quiz!

General Stats

  • This quiz has been taken 40 times
  • The average score is 30 of 32

Answer Stats

Countries% Correct
United States
100%
United States
100%
United States
100%
United States
100%
United States
100%
United States
100%
United States
100%
United States
100%
Germany
97%
Germany
97%
Germany
97%
Germany
97%
Germany
97%
Japan
97%
Japan
97%
Canada
94%
Netherlands
94%
Sweden
94%
Sweden
94%
Sweden
94%
Sweden
94%
England
91%
England
91%
Norway
91%
Norway
91%
Norway
91%
Norway
91%
Brazil
88%
Brazil
88%
France
85%
China
82%
China
82%

Score Distribution

Percentile by Number Answered

Percent of People with Each Score

Your Score History

You have not taken this quiz